James Stewart Filmography - Statistics

General Stats
  • This quiz has been taken 323 times
    207 since last reset
  • The average score is 31 of 176
Answer Stats
Type Year Name % Correct
Film 1946 It's a Wonderful Life
97%
Film 1958 Vertigo
91%
Film 1939 Mr. Smith Goes to Washington
90%
Film 1954 Rear Window
89%
Film 1940 The Philadelphia Story
86%
Film 1948 Rope
80%
Film 1956 The Man Who Knew Too Much
80%
Film 1962 The Man Who Shot Liberty Valance
74%
Theater 1947-1949, 1970, 1975 Harvey
69%
Film 1950 Harvey
69%
TV Film 1972 Harvey
69%
Film 1954 The Glenn Miller Story
60%
Film 1959 Anatomy of a Murder
59%
Film 1950 Winchester '73
57%
Film 1962 How the West Was Won
56%
Film 1976 The Shootist
54%
Film 1938 You Can't Take It with You
54%
Film 1940 The Shop Around the Corner
47%
Film 1953 The Naked Spur
46%
Film 1950 Broken Arrow
44%
Film 1939 Destry Rides Again
44%
Film 1955 The Man from Laramie
44%
Film 1941 Pot o' Gold
41%
Film 1965 The Flight of the Phoenix
41%
Film 1965 Shenandoah
37%
Film 1958 Bell, Book and Candle
36%
Film 1977 Airport '77
33%
Film 1948 Call Northside 777
33%
Film 1954 The Far Country
33%
Film 1959 The FBI Story
33%
Film 1957 The Spirit of St. Louis
33%
Film 1936 After the Thin Man
31%
Film 1939 Made for Each Other
31%
Film 1957 Night Passage
31%
Film 1949 The Stratton Story
31%
Film 1991 An American Tail: Fievel Goes West
30%
Film 1952 Bend of the River
30%
Film 1952 The Greatest Show on Earth
30%
Film 1961 Two Rode Together
29%
Film 1964 Cheyenne Autumn
27%
Film 1939 It's a Wonderful World
26%
Film 1970 The Cheyenne Social Club
26%
Film 1940 The Mortal Storm
26%
Film 1978 The Big Sleep
24%
Film 1968 Bandolero!
23%
Film 1950 The Jackpot
23%
Film 1962 Mr. Hobbs Takes a Vacation
21%
Film 1951 No Highway in the Sky
21%
Film 1955 Strategic Air Command
21%
Film 1953 Thunder Bay
21%
Film 1941 Ziegfeld Girl
21%
Film 1948 You Gotta Stay Happy
20%
Film 1968 Firecreek
19%
Film 1938 Vivacious Lady
19%
TV Documentary 1987 James Stewart: A Wonderful Life
17%
Film 1947 Magic Town
17%
Film 1948 On Our Merry Way
17%
Award Show 1958 The 30th Annual Academy Awards
17%
Film 1939 The Ice Follies of 1939
17%
Film 1960 The Mountain Road
17%
Film 1935 The Murder Man
17%
Film 1952 Carbine Williams
16%
Film 1936 Next Time We Love
16%
Film 1936 The Gorgeous Hussy
16%
TV Show 1971-1972 The Jimmy Stewart Show
16%
Film 1938 The Shopworn Angel
16%
Film 1936 Wife vs. Secretary
16%
Film 1936 Born to Dance
14%
Film 1941 Come Live with Me
14%
Film 1949 Malaya
14%
Film 1937 Navy Blue and Gold
14%
Film 1938 Of Human Hearts
14%
TV Film 1983 Right of Way
14%
Film 1936 Rose-Marie
14%
Film 1937 Seventh Heaven
14%
Film 1936 Speed
14%
Film 1963 Take Her, She's Mine
14%
Compilation Film 1974 That's Entertainment!
14%
Film 1966 The Rare Breed
14%
TV Show 1973-1974 Hawkins
13%
TV Mini-Series 1986 North and South
13%
Film 1937 The Last Gangster
13%
Film 1978 The Magic of Lassie
13%
Film 1940 No Time for Comedy
11%
Film 1936 Small Town Girl
11%
Film 1971 Fools' Parade
10%
Film 1980 The Green Horizon
10%
Film 1961 X-15
10%
TV Short 1980 Mr. Krueger's Christmas
9%
TV Show 1978 The Carol Burnett Show
9%
TV Show 1967-1974 The Dean Martin Show
9%
Documentary Series 1974 The World at War
9%
Commercial 1988, 1989, 1990 Campbell's Soup
7%
TV Special 1978 Dean Martin Celebrity Roast: James Stewart
7%
Film 1965 Dear Brigette
7%
TV Show 1953, 1955, 1957 The Ed Sullivan Show
7%
TV Special 1980 AFI Life Achievement Award: A Tribute to James Stewart
6%
TV Documentary 1993 John Ford
6%
TV Show 1952-1964 The Jack Benny Program
6%
TV Show 1975-1978 The Mike Douglas Show
6%
TV Show 1955, 1957 General Electric Theater
4%
TV Show 1963 My Three Sons
4%
Short Documentary 1956 Screen Snapshots: Hollywood, City of Stars
4%
Short Documentary 1943 Screen Snapshots: Hollywood in Uniform
4%
TV Special 1982 The American Film Institute Salute to Frank Capra
4%
TV Special 1990 The Film Society of Lincoln Center Annual Gala Tribute to James Stewart
4%
TV Show 1972 The Julie Andrews Hour
4%
Documentary 1947 Thunderbolt
4%
Short Documentary 1948 10,000 Kids and a Cop
3%
Documentary 1994 A Century of Cinema
3%
TV Show 1962 Alcoa Premiere
3%
Short Film 1950 And Then There Were Four
3%
Short Film 1934 Art Trouble
3%
Short Documentary 1942 Fellow Americans
3%
TV Film 1962 Flashing Spikes
3%
TV Special 1978 General Electric's All-Star Anniversary
3%
Short Documentary 1938 Hollywood Goes to Town
3%
Short Film 1939 Hollywood Hobbies
3%
Short Film 1936 Important News
3%
TV Show 1978 Laugh-In
3%
TV Show 1959 Lux Playhouse
3%
TV Show 1959 Schlitz Playhouse
3%
Short Film 1976 Sentimental Journey
3%
TV Show 1959 Startime
3%
TV Documentary 1971 The American West of John Ford
3%
Short Documentary 1957 The Heart of Show Business
3%
Short Film 1954 Tomorrow's Drivers
3%
Propaganda Film 1942 Winning Your Wings
3%
TV Special 1987 A Beverly Hills Christmas
1%
Theater 1975 A Gala Tribute to Joshua Logan
1%
Theater 1935 A Journey by Night
1%
Theater 1933-1934 All Good Americans
1%
Short Film 1946 American Creed
1%
TV Documentary 1976 An All-Star Tribute to John Wayne
1%
Theater 1932 Carry Nation
1%
TV Special 1988 Christmas in Washington
1%
Documentary 1971 Directed by John Ford
1%
Theater 1934 Divided by Three
1%
Commercial 1979, 1980 Firestone Tire 721
1%
Theater 1932-1933 Goodbye Again
1%
Short Documentary 1955 Holiday for Bands
1%
TV Documentary 1983 James Bond: The First 21 Years
1%
TV Documentary 2017 James Stewart, Robert Mitchum: The Two Faces of America
1%
Short Film 1974 Just One More Time
1%
Radio Series 1937 Maxwell House Good News of 1938
1%
Documentary Series 1977 National Geographic Specials
1%
TV Documentary 1978 NBC: The First Fifty Years - A Closer Look, Part Two
1%
TV Show 1987 Not Necessarily the News
1%
Theater 1934-1935 Page Miss Glory
1%
Radio Series 1949, 1951 Screen Directors Playhouse
1%
Theater 1933 Spring in Autumn
1%
TV Show 1975 Stars on Sunday
1%
Short Documentary 1960 The Airman's World
1%
TV Show 1955 The Colgate Comedy Hour
1%
Short Documentary 1962 The Convair B-58 Hustler Supersonic Bomber - Champion of Champions
1%
TV Show 1963 The Dick Powell Theatre
1%
Radio Series 1939-1940 The Gulf Screen Guild Theater
1%
TV Show 1956 The Navy Log
1%
Radio Series 1953-1954 The Six Shooter
1%
Documentary Series 1971 The World About Us
1%
Theater 1934 Yellow Jack
1%
Short Documentary 1961 Aerospace Communications - The Reins of Command
0%
TV Special 1978 All-Star Party for James Stewart
0%
TV Show 1955 Arthur Godfrey and His Friends
0%
TV Show 1983 Breakaway
0%
Short Documentary 1974 Fort Worth: The Unexpected City
0%
Short TV Documentary 2001 Frank Capra and James Stewart
0%
TV Show 1987 Great Performances
0%
TV Documentary 1997 James Stewart: The Last of the Good Guys
0%
Radio Series 1937-1952 Lux Radio Theatre
0%
TV Special 1988 Moving Image Salutes James Stewart
0%
Radio Series 1948 Readers' Digest Radio Edition
0%
Radio Series 1946, 1949 Suspense
0%
Radio Series 1953 Theatre Guild on the Air
0%
TV Show 1955, 1960 The George Gobel Show
0%
TV Show 1989 The Magical World of Disney
0%
No matching quizzes found
Score Distribution
Percent of People with Each Score
Percentile by Number Answered
Your Score History
You have not taken this quiz since the last reset